Big 4 Sports Teams by Mascot - Statistics

General Stats
  • This quiz has been taken 65 times
  • The average score is 65 of 111
Answer Stats
Hint Answer % Correct
Roary the Lion Detroit Lions
92%
Wild Wing the Duck Anaheim Ducks
86%
Billy the Marlin Miami Marlins
82%
Billy the Buffalo Buffalo Bills
80%
Sir Purr Carolina Panthers
80%
Stanley C. Panther Florida Panthers
80%
Pat the Patriot New England Patriots
80%
Staley Da Bear Chicago Bears
78%
Benny the Bull Chicago Bulls
76%
Paws the Tiger Detroit Tigers
76%
Big Red the Bird Arizona Cardinals
74%
Freddie Falcon Atlanta Falcons
74%
Lucky Leprechaun Boston Celtics
74%
Mr. Met New York Mets
74%
Fredbird St. Louis Cardinals
74%
Howler the Coyote Arizona Coyotes
72%
Hugo the Hornet Charlotte Hornets
72%
Mr. Redlegs & Gapper Cincinnati Reds
72%
Harry the Hawk Atlanta Hawks
70%
Who Dey Cincinnati Bengals
70%
The Raider Rusher Las Vegas Raiders
70%
Grizz Memphis Grizzlies
70%
The Raptor Toronto Raptors
70%
K.C. Wolf Kansas City Chiefs
68%
Swoop the Bird Philadelphia Eagles
68%
Blades the Bear Boston Bruins
66%
Wally the Green Monster Boston Red Sox
66%
Blue the Horse Indianapolis Colts
66%
Bango the Buck Milwaukee Bucks
66%
Crunch the Wolf Minnesota Timberwolves
66%
N.J. Devil New Jersey Devils
66%
Phillie Phanatic Philadelphia Phillies
66%
The Pirate Parrot Pittsburgh Pirates
66%
The Swinging Friar San Diego Padres
66%
S.J. Sharkie San Jose Sharks
66%
Ace the Jay Toronto Blue Jays
66%
Jaxson de Ville Jacksonville Jaguars
64%
Steely McBeam Pittsburgh Steelers
64%
Mick E. Moose Winnipeg Jets
64%
The O Bird Baltimore Orioles
62%
Edgar, Allen, & Poe Baltimore Ravens
62%
Pierre the Pelican New Orleans Pelicans
62%
Mariner Moose Seattle Mariners
62%
Jazz Bear Utah Jazz
62%
Sabretooth Buffalo Sabres
60%
Chomps & Brownie the Elf Cleveland Browns
60%
Gumbo & Sir Saint New Orleans Saints
60%
Southpaw Chicago White Sox
58%
Sluggerrr Kansas City Royals
58%
Bailey the Lion Los Angeles Kings
58%
Burnie Miami Heat
58%
Stuff the Magic Dragon Orlando Magic
58%
Iceburgh Pittsburgh Penguins
58%
Slamson the Lion Sacramento Kings
58%
The Coyote San Antonio Spurs
58%
Lou Seal San Francisco Giants
58%
Captain Fear Tampa Bay Buccaneers
58%
Champ & Mavsman Dallas Mavericks
56%
Clutch the Bear Houston Rockets
56%
Gritty Philadelphia Flyers
56%
Blitz the Bird Seattle Seahawks
56%
Tommy Hawk Chicago Blackhawks
54%
Moondog & Sir C.C. Cleveland Cavaliers
54%
Slider Cleveland Guardians
54%
Dinger Colorado Rockies
54%
Rocky the Mountain Lion Denver Nuggets
54%
Al the Octopus Detroit Red Wings
54%
Bernie & The Barrelman Milwaukee Brewers
54%
Blaze the Trail Cat Portland Trail Blazers
54%
Sourdough Sam San Francisco 49ers
54%
Raymond Tampa Bay Rays
54%
Rowdy Dallas Cowboys
52%
T.D. Miami Dolphins
52%
Go the Gorilla Phoenix Suns
52%
Clark Chicago Cubs
50%
Miles Denver Broncos
50%
Orbit Houston Astros
50%
Toro the Bull Houston Texans
50%
Viktor Minnesota Vikings
50%
Nordy the Puma Minnesota Wild
50%
Captain Texas Rangers
50%
G-Wiz Washington Wizards
50%
Bernie the St. Bernard Colorado Avalanche
48%
Hunter the Lynx Edmonton Oilers
48%
Rampage Los Angeles Rams
48%
Franklin Philadelphia 76ers
48%
Buoy the Troll Seattle Kraken
48%
T-Rac Tennessee Titans
48%
Major Tuddy Washington Commanders
48%
Baxter the Bobcat & The Luchador Arizona Diamondbacks
46%
T.C. Bear Minnesota Twins
46%
Carlton the Bear Toronto Maple Leafs
46%
Fin the Whale Vancouver Canucks
46%
Blooper Atlanta Braves
44%
Harvey the Hound Calgary Flames
44%
Youppi! Montreal Canadiens
44%
Rumble the Bison Oklahoma City Thunder
44%
Spartacat Ottawa Senators
44%
Thunderbug Tampa Bay Lightning
44%
Chance the Gila Monster Vegas Golden Knights
44%
Slapshot the Eagle Washington Capitals
44%
Screech the Bird Washington Nationals
44%
Stinger the Yellowjacket Columbus Blue Jackets
42%
Victor E. Green Dallas Stars
42%
Hooper Detroit Pistons
42%
Chuck the Condor Los Angeles Clippers
42%
Sparky the Dragon & Nyisles New York Islanders
42%
Gnash the Tiger Nashville Predators
40%
Stormy the Pig Carolina Hurricanes
38%
Louie the Bear St. Louis Blues
38%
Boomer the Big Cat Indiana Pacers
34%
No matching quizzes found
Score Distribution
Percent of People with Each Score
Percentile by Number Answered
Your Score History
You have not taken this quiz